Guess the lyrics (#109) - Statistics

General Stats
  • This quiz has been taken 50 times
  • The average score is 69 of 205
Answer Stats
answer % Correct
a
98%
you
91%
the
86%
to
79%
in
77%
is
77%
is,
77%
love
74%
your
72%
when
70%
And
67%
and
67%
it
67%
on
63%
On
63%
that
63%
no
60%
She
58%
she
58%
so
56%
are
53%
there
53%
for
51%
her
51%
Her
51%
if
51%
it's
51%
of
51%
all
49%
All
49%
as
49%
As
49%
like
47%
too
47%
was
44%
need
40%
out
35%
has
33%
with
33%
Eva
30%
ooh,
30%
looks
28%
never
28%
She's
28%
'cause
23%
girl
23%
heart
23%
heart,
23%
says
23%
says,
23%
always
21%
hard
21%
these
21%
more
19%
than
19%
come
16%
days
16%
down
16%
yeah
16%
back
14%
hasn't
7%
needs
7%
still
7%
hay
5%
hey
5%
tries
5%
born
2%
child
2%
crazy
2%
finds
2%
front
2%
hat
2%
less
2%
luck
2%
rained
2%
stay
2%
trouble,
2%
account
0%
although
0%
American
0%
Beauvoir
0%
boredom
0%
circumstance
0%
de
0%
despite
0%
disappointment
0%
freeway
0%
great
0%
gun
0%
haunts
0%
herself
0%
Jodie
0%
Jose
0%
Marie
0%
needles
0%
obvious
0%
paving
0%
police
0%
rattlesnakes
0%
reads
0%
Saint
0%
San
0%
Simone
0%
six
0%
sleeps
0%
speeds
0%
spite
0%
sure
0%
therapy,
0%
traffic
0%
upside
0%
Waterfront
0%
wears
0%
No matching quizzes found
Score Distribution
Percent of People with Each Score
Percentile by Number Answered
Your Score History
You have not taken this quiz